[Event "Landesklasse West 2014/2015"]
[Site "?"]
[Date "2015.03.22"]
[Round "8"]
[White "Leibeling, Lucian"]
[Black "Nolte, Rainer"]
[Result "1/2-1/2"]
[WhiteElo "1850"]
[BlackElo "1558"]
[PlyCount "25"]
[EventDate "2015.??.??"]
[WhiteTeam "SV Breitenworbis"]
[BlackTeam "SK Dingelstädt 1921"]

1. c4 e5 2. Nc3 Nf6 3. d3 Bb4 4. Bd2 d6 5. g3 c5 6. Bg2 Nc6 7. e4 O-O 8. Nge2
Bg4 9. f3 Be6 10. O-O Qd7 11. a3 Bxc3 12. Nxc3 Bh3 13. Nd5 1/2-1/2

[Event "Landesklasse West 2014/2015"]
[Site "?"]
[Date "2015.03.22"]
[Round "8"]
[White "Trapp, Werner"]
[Black "Biel, Peter"]
[Result "1/2-1/2"]
[WhiteElo "1386"]
[BlackElo "1703"]
[PlyCount "25"]
[EventDate "2015.??.??"]
[WhiteTeam "SK Dingelstädt 1921"]
[BlackTeam "SV Breitenworbis"]

1. d4 d5 2. Bf4 e6 3. Nf3 Bd6 4. Bxd6 Qxd6 5. e3 Nf6 6. Nc3 a6 7. Bd3 Nc6 8. a3
O-O 9. O-O b6 10. Ne2 Bb7 11. c3 Rad8 12. Bc2 Rfe8 13. Ng3 1/2-1/2

[Event "Landesklasse West 2014/2015"]
[Site "?"]
[Date "2015.03.22"]
[Round "8"]
[White "Neef, Michael"]
[Black "Kachel, Alfred"]
[Result "1/2-1/2"]
[WhiteElo "1893"]
[BlackElo "1951"]
[PlyCount "97"]
[EventDate "2015.??.??"]
[WhiteTeam "SV Wartburgstadt Eisenach"]
[BlackTeam "Schachclub Rochade Leinefelde"]

1. d4 d5 2. Nf3 e6 3. Bf4 Nf6 4. h3 Be7 5. e3 O-O 6. Bd3 b6 7. O-O Bb7 8. Nbd2
Nbd7 9. b3 c5 10. c3 Rc8 11. Rc1 Ne4 12. Bxe4 dxe4 13. Ne5 Nxe5 14. dxe5 Qd3
15. Re1 Ba6 16. c4 Rfd8 17. Nb1 b5 18. cxb5 Qxb5 19. Qc2 Qb4 20. Qc3 g5 21. Bg3
Bd3 22. Nd2 Qxc3 23. Rxc3 c4 24. Nxc4 Bb4 25. Rxd3 exd3 26. Rd1 Rc6 27. f4 h6
28. Be1 Bxe1 29. Rxe1 a5 30. Rd1 a4 31. Nd6 axb3 32. axb3 Rc3 33. b4 Rb3 34. b5
Ra8 35. Rd2 gxf4 36. exf4 Ra1+ 37. Kf2 Rab1 38. Ke3 Rf1 39. g3 Rg1 40. Kf2 Rh1
41. Kg2 Rc1 42. Kf2 Rc2 43. Ke3 Rxd2 44. Kxd2 Kf8 45. g4 Kg7 46. f5 exf5 47.
gxf5 h5 48. f6+ Kg6 49. h4 1/2-1/2

[Event "Landesklasse West 2014/2015"]
[Site "?"]
[Date "2015.03.22"]
[Round "8"]
[White "Frank, Thomas"]
[Black "Schwarz, Hilmar"]
[Result "1-0"]
[WhiteElo "1922"]
[BlackElo "1872"]
[PlyCount "69"]
[EventDate "2015.??.??"]
[WhiteTeam "Schachclub Rochade Leinefelde"]
[BlackTeam "SV Wartburgstadt Eisenach"]

1. d4 d5 2. c4 e5 3. dxe5 d4 4. Nf3 Nc6 5. a3 f6 6. exf6 Qxf6 7. g3 Be7 8. Bg2
Nh6 9. Bg5 Qe6 10. Bxe7 Qxe7 11. Nxd4 Nxd4 12. Qxd4 O-O 13. Nc3 c6 14. O-O Be6
15. Qe4 Qf7 16. b3 Qf6 17. Rac1 Rad8 18. Qc2 Ng4 19. Ne4 Qh6 20. h4 Bf5 21. Qc3
Qe6 22. Ng5 Qxe2 23. Nh3 Qd2 24. Nf4 Rfe8 25. Qxd2 Rxd2 26. Rc3 Ra2 27. b4 Rd8
28. b5 Rdd2 29. bxc6 bxc6 30. Bxc6 Nxf2 31. Bd5+ Kh8 32. c5 g5 33. Bxa2 Ne4 34.
Rd3 Rxa2 35. Nh5 1-0

[Event "Landesklasse West 2014/2015"]
[Site "?"]
[Date "2015.03.22"]
[Round "8"]
[White "Hilbert, Stephan-Jörg"]
[Black "Petiko, Jakob"]
[Result "0-1"]
[WhiteElo "1698"]
[BlackElo "1919"]
[PlyCount "62"]
[EventDate "2015.??.??"]
[WhiteTeam "SV Wartburgstadt Eisenach"]
[BlackTeam "Schachclub Rochade Leinefelde"]

1. b4 Nf6 2. Bb2 d6 3. c4 c6 4. e3 e5 5. Be2 Nbd7 6. d3 d5 7. a3 a5 8. b5 Bd6
9. Nf3 O-O 10. O-O Qe7 11. Nc3 e4 12. dxe4 dxe4 13. Nd4 Ne5 14. Qc2 Neg4 15. h3
Qe5 16. g3 Nxe3 17. Qd2 Nxf1 18. Bxf1 c5 19. Nde2 Qe7 20. Qe3 Be5 21. Re1 Re8
22. Nf4 Bd4 23. Qe2 Qe5 24. Qc2 g5 25. Nfd5 Qxg3+ 26. Bg2 Nxd5 27. Nxe4 Qf4 28.
Bxd4 cxd4 29. cxd5 Bd7 30. Qd3 Qe5 31. a4 f5 0-1

[Event "Landesklasse West 2014/2015"]
[Site "?"]
[Date "2015.03.22"]
[Round "8"]
[White "Pfitzenreuter, Gerald"]
[Black "Graupner, Markus"]
[Result "1/2-1/2"]
[WhiteElo "1863"]
[BlackElo "1692"]
[PlyCount "34"]
[EventDate "2015.??.??"]
[WhiteTeam "Schachclub Rochade Leinefelde"]
[BlackTeam "SV Wartburgstadt Eisenach"]

1. d4 d5 2. c4 e6 3. Nc3 Nf6 4. cxd5 exd5 5. Bg5 Nbd7 6. e3 Be7 7. Bd3 O-O 8.
Nge2 c6 9. Qc2 h6 10. Bf4 a5 11. O-O Nh5 12. a3 Nxf4 13. Nxf4 Nf6 14. Rab1 Bd6
15. Bf5 g5 16. Nfe2 Nh5 17. Ng3 Ng7 1/2-1/2

[Event "Landesklasse West 2014/2015"]
[Site "?"]
[Date "2015.03.22"]
[Round "8"]
[White "Anschütz, Bernd"]
[Black "Seeboth, Paul"]
[Result "1-0"]
[WhiteElo "1725"]
[BlackElo "1819"]
[PlyCount "87"]
[EventDate "2015.??.??"]
[WhiteTeam "SV Wartburgstadt Eisenach"]
[BlackTeam "Schachclub Rochade Leinefelde"]

1. e4 d6 2. d3 e5 3. g3 f5 4. Nc3 Nf6 5. Bg2 c6 6. d4 exd4 7. Qxd4 Be7 8. Be3
Ng4 9. Bf4 O-O 10. h3 Bf6 11. Qc4+ d5 12. exd5 b5 13. Qb3 Nxf2 14. Kxf2 Bd4+
15. Kf1 Qf6 16. Nge2 Re8 17. Nxd4 Qxd4 18. Rd1 Qc5 19. dxc6+ Be6 20. Bd5 Kf7
21. Bxe6+ Rxe6 22. Re1 Qxc6 23. Qxe6+ Qxe6 24. Rxe6 Kxe6 25. Nxb5 Na6 26. Rh2
Rc8 27. Re2+ Kf6 28. Nxa7 Ra8 29. Nb5 Nc5 30. Nc3 Ra6 31. h4 h6 32. h5 Ne6 33.
Be5+ Kg5 34. b4 Kxh5 35. a4 Kg4 36. b5 Ra5 37. b6 Nc5 38. Bd6 Nb7 39. Bb4 Ra6
40. a5 Kxg3 41. Re7 Nxa5 42. Bxa5 Rxa5 43. b7 Kf3 44. b8=Q 1-0

[Event "Landesklasse West 2014/2015"]
[Site "?"]
[Date "2015.03.22"]
[Round "8"]
[White "Löffelholz, Christian"]
[Black "Ulbricht, Olaf"]
[Result "1/2-1/2"]
[WhiteElo "1677"]
[BlackElo "1608"]
[PlyCount "22"]
[EventDate "2015.??.??"]
[WhiteTeam "Schachclub Rochade Leinefelde"]
[BlackTeam "SV Wartburgstadt Eisenach"]

1. e4 e5 2. Nf3 Nc6 3. Bb5 d6 4. h3 Bd7 5. d3 h6 6. Be3 a6 7. Ba4 b5 8. Bb3 Na5
9. Nc3 Nxb3 10. cxb3 b4 11. Nd5 c5 1/2-1/2

[Event "Landesklasse West 2014/2015"]
[Site "?"]
[Date "2015.03.22"]
[Round "8"]
[White "Klingler, Lutz"]
[Black "Krüger, Karsten"]
[Result "1-0"]
[WhiteElo "1945"]
[BlackElo "1254"]
[PlyCount "71"]
[EventDate "2015.??.??"]
[WhiteTeam "SV Schmalkalden 04"]
[BlackTeam "Schachverein Stützerbach"]

1. f4 d5 2. Nf3 Nc6 3. e3 Nf6 4. Bb5 Bd7 5. b3 e6 6. Bb2 Be7 7. O-O O-O 8. Bxc6
Bxc6 9. Ne5 Bb5 10. d3 Bd6 11. c4 dxc4 12. bxc4 Be8 13. Qe2 Nd7 14. Nxd7 Bxd7
15. Nd2 Be7 16. Nf3 Bf6 17. Ne5 Bxe5 18. Bxe5 f6 19. Bb2 Qe8 20. e4 b6 21. Rf2
c5 22. g4 Qg6 23. Rg2 Qh6 24. g5 fxg5 25. Rxg5 g6 26. Be5 Rf7 27. Kh1 Qh3 28.
Rag1 Bc6 29. Rh5 Bxe4+ 30. dxe4 Qa3 31. Rxg6+ Kf8 32. Rg3 Qc1+ 33. Rg1 Qa3 34.
Qd1 Qxa2 35. Qd6+ Ke8 36. Rg8+ 1-0

[Event "Landesklasse West 2014/2015"]
[Site "?"]
[Date "2015.03.22"]
[Round "8"]
[White "Latussek, Paul"]
[Black "Lesser, Thomas"]
[Result "0-1"]
[WhiteElo "1446"]
[BlackElo "1857"]
[PlyCount "30"]
[EventDate "2015.??.??"]
[WhiteTeam "Schachverein Stützerbach"]
[BlackTeam "SV Schmalkalden 04"]

1. f4 d5 2. Nf3 Nf6 3. e3 g6 4. Be2 Bg7 5. O-O O-O 6. Ne5 c5 7. d4 Qc7 8. Nc3
a6 9. Bf3 e6 10. Qd3 c4 11. Qe2 b5 12. Nd1 Bb7 13. c3 Ne4 14. Nf2 Nxf2 15. Rxf2
f6 0-1

[Event "Landesklasse West 2014/2015"]
[Site "?"]
[Date "2015.03.22"]
[Round "8"]
[White "Bamberg, Alexander"]
[Black "Löhn, Marko"]
[Result "1-0"]
[WhiteElo "1851"]
[BlackElo "1553"]
[PlyCount "125"]
[EventDate "2015.??.??"]
[WhiteTeam "SV Schmalkalden 04"]
[BlackTeam "Schachverein Stützerbach"]

1. e4 b6 2. d4 Bb7 3. Nc3 e6 4. Bd3 Nf6 5. Bg5 Be7 6. Nf3 d6 7. O-O Nbd7 8. Re1
O-O 9. Qe2 Re8 10. Rad1 Nh5 11. Bd2 Nhf6 12. Ba6 Bxa6 13. Qxa6 c6 14. h3 e5 15.
dxe5 dxe5 16. Bg5 Qc7 17. Qc4 h6 18. Bxf6 Nxf6 19. Nb5 Qb8 20. Nc3 Rc8 21. Nh4
g6 22. Nxg6 Bc5 23. Nh4 Qc7 24. Nf5 Kh7 25. b4 Bf8 26. Rd3 b5 27. Qb3 a5 28. a3
axb4 29. axb4 Ra7 30. Red1 Rca8 31. Rf3 Ne8 32. Kh2 Nd6 33. Nxd6 Bxd6 34. Ne2
Rf8 35. Ng3 Rg8 36. Nf5 Bf8 37. Qe3 Rg6 38. Rd8 Bxb4 39. Qd3 Be7 40. Nxe7 Qxe7
41. Rf5 Rc7 42. Rb8 Qd6 43. Qb3 Rf6 44. Qg3 Rg6 45. Qxe5 Qxe5+ 46. Rxe5 Rd6 47.
Kg3 Rd2 48. Rc5 Rd6 49. Rbxb5 Kg7 50. Rb6 Kf8 51. Kf3 Ke7 52. Ke3 Kd7 53. Rh5
Ra7 54. Rb3 Ra2 55. Rd3 Rxc2 56. Rxd6+ Kxd6 57. Rxh6+ Ke7 58. h4 c5 59. h5 Rc3+
60. Kd2 Ra3 61. Rc6 Ra5 62. h6 Kd7 63. h7 1-0

[Event "Landesklasse West 2014/2015"]
[Site "?"]
[Date "2015.03.22"]
[Round "8"]
[White "Handschuh, Franz"]
[Black "Krannich, Steffen"]
[Result "0-1"]
[WhiteElo "1860"]
[BlackElo "1810"]
[PlyCount "76"]
[EventDate "2015.??.??"]
[WhiteTeam "Schachverein Stützerbach"]
[BlackTeam "SV Schmalkalden 04"]

1. d4 d5 2. e3 Nf6 3. Bd3 c5 4. c3 Nc6 5. f4 Bg4 6. Nf3 e6 7. O-O Bd6 8. Qe1
O-O 9. Qg3 Bf5 10. Bxf5 exf5 11. Ne5 Ne4 12. Qh3 g6 13. Nd2 cxd4 14. exd4 f6
15. Nd3 Rc8 16. Nf3 b5 17. a3 a5 18. Be3 Qb6 19. g4 fxg4 20. Qxg4 f5 21. Qg2 b4
22. axb4 axb4 23. Rfc1 Ra8 24. Rxa8 Rxa8 25. Nfe5 Bxe5 26. fxe5 bxc3 27. bxc3
Ra3 28. Nf4 Ne7 29. Ne2 Qb5 30. Qf1 Qd3 31. Bh6 g5 32. Rb1 Qe3+ 33. Kg2 Ra2 34.
Rb8+ Kf7 35. Rf8+ Ke6 36. Rf6+ Nxf6 37. exf6 Rxe2+ 38. Kh1 Re1 0-1

[Event "Landesklasse West 2014/2015"]
[Site "?"]
[Date "2015.03.22"]
[Round "8"]
[White "Burkhardt, Christian"]
[Black "Brehme, Stefan"]
[Result "1/2-1/2"]
[WhiteElo "1677"]
[BlackElo "1806"]
[PlyCount "32"]
[EventDate "2015.??.??"]
[WhiteTeam "SV Schmalkalden 04"]
[BlackTeam "Schachverein Stützerbach"]

1. d4 d5 2. c4 e6 3. Nc3 Nf6 4. Bg5 Be7 5. e3 O-O 6. Nf3 b6 7. Be2 Bb7 8. O-O
a6 9. b3 Nbd7 10. Qc2 Re8 11. Rfd1 Nf8 12. Ne5 Ne4 13. Bxe7 Qxe7 14. Bf3 f6 15.
Nd3 Rac8 16. Qb2 Red8 1/2-1/2

[Event "Landesklasse West 2014/2015"]
[Site "?"]
[Date "2015.03.22"]
[Round "8"]
[White "Mages, Horst"]
[Black "Klein, Matthias"]
[Result "1/2-1/2"]
[WhiteElo "1700"]
[BlackElo "1753"]
[PlyCount "21"]
[EventDate "2015.??.??"]
[WhiteTeam "Schachverein Stützerbach"]
[BlackTeam "SV Schmalkalden 04"]

1. d4 Nf6 2. Nf3 g6 3. g3 Bg7 4. Bg2 O-O 5. O-O d6 6. c4 Nbd7 7. Nc3 e5 8. e4
Re8 9. d5 a5 10. Re1 Rf8 11. Qc2 1/2-1/2

[Event "Landesklasse West 2014/2015"]
[Site "?"]
[Date "2015.03.22"]
[Round "8"]
[White "Weigend, Joachim"]
[Black "Licht, Ralph"]
[Result "1/2-1/2"]
[WhiteElo "1784"]
[BlackElo "1667"]
[PlyCount "21"]
[EventDate "2015.??.??"]
[WhiteTeam "SV Schmalkalden 04"]
[BlackTeam "Schachverein Stützerbach"]

1. c4 e5 2. Nc3 Nc6 3. g3 Nf6 4. Bg2 Bb4 5. Nd5 Bc5 6. e3 d6 7. Ne2 Bg4 8. a3
a5 9. O-O O-O 10. b3 Rb8 11. Bb2 1/2-1/2

[Event "Thüringenliga 2014/2015"]
[Site "?"]
[Date "2015.03.01"]
[Round "7"]
[White "Darr, Sascha"]
[Black "Hoffmann, Tim"]
[Result "1-0"]
[WhiteElo "2105"]
[BlackElo "2041"]
[PlyCount "93"]
[EventDate "2015.??.??"]
[WhiteTeam "SV Jenapharm Jena"]
[BlackTeam "ESV Gera"]

1. c4 e5 2. g3 Nf6 3. Bg2 d5 4. cxd5 Nxd5 5. Nf3 Nc6 6. O-O Be7 7. d3 O-O 8. b3
f5 9. Bb2 Bf6 10. Qc1 Be6 11. Nbd2 Re8 12. a3 a5 13. Qc2 Bf7 14. e4 fxe4 15.
dxe4 Nb6 16. Rfd1 Qe7 17. Bf1 Red8 18. Nc4 Qc5 19. Rac1 Nxc4 20. Bxc4 Bxc4 21.
Qxc4+ Qxc4 22. bxc4 Kf7 23. Rd5 a4 24. Bc3 Ke6 25. Rcd1 b6 26. Kf1 Rd6 27. Ke2
Rad8 28. Rb1 h5 29. Rbb5 g6 30. Ne1 R6d7 31. Nd3 h4 32. Rb1 Rh8 33. f4 hxg3 34.
hxg3 Rh2+ 35. Kf3 Nd4+ 36. Bxd4 exd4 37. e5 Be7 38. Rxd7 Kxd7 39. Ra1 Rc2 40.
Ke4 Rxc4 41. g4 Rc3 42. f5 gxf5+ 43. gxf5 Rxa3 44. Rh1 Rb3 45. f6 Bc5 46. Rh7+
Ke8 47. e6 1-0

[Event "Thüringenliga 2014/2015"]
[Site "?"]
[Date "2015.03.01"]
[Round "7"]
[White "Puschendorf, Steffen"]
[Black "Wicklein, Stefan"]
[Result "1-0"]
[WhiteElo "2061"]
[BlackElo "1972"]
[PlyCount "61"]
[EventDate "2015.??.??"]
[WhiteTeam "ESV Gera"]
[BlackTeam "SV Jenapharm Jena"]

1. d4 d5 2. c4 c6 3. Nf3 Nf6 4. e3 e6 5. Bd3 dxc4 6. Bxc4 b5 7. Bd3 a6 8. O-O
c5 9. a4 b4 10. dxc5 Bxc5 11. Qc2 Nbd7 12. e4 Bb7 13. Bg5 Rc8 14. Qe2 Qb6 15.
Nbd2 h6 16. Nc4 Qc7 17. Bxf6 gxf6 18. Rac1 Qf4 19. Na5 Ba8 20. Rc2 Rg8 21. Nb3
f5 22. Nxc5 Nxc5 23. g3 fxe4 24. Bxa6 exf3 25. Qb5+ Bc6 26. Qxc5 Qg4 27. Rfc1
Rg5 28. Qc4 Qh3 29. Qf1 Qxf1+ 30. Kxf1 Rd5 31. Bxc8 1-0

[Event "Thüringenliga 2014/2015"]
[Site "?"]
[Date "2015.03.01"]
[Round "7"]
[White "August, Daniel"]
[Black "Gläßl, Matthias"]
[Result "1/2-1/2"]
[WhiteElo "2011"]
[BlackElo "2021"]
[PlyCount "34"]
[EventDate "2015.??.??"]
[WhiteTeam "SV Jenapharm Jena"]
[BlackTeam "ESV Gera"]

1. c4 Nf6 2. g3 c5 3. Bg2 e6 4. Nf3 Nc6 5. O-O Be7 6. b3 d5 7. Bb2 d4 8. d3 O-O
9. e3 e5 10. exd4 exd4 11. Na3 Bg4 12. Qd2 Qd7 13. Rfe1 Rfe8 14. Nc2 Qf5 15.
Nh4 Qd7 16. Nf3 Qf5 17. Nh4 Qd7 1/2-1/2

[Event "Thüringenliga 2014/2015"]
[Site "?"]
[Date "2015.03.01"]
[Round "7"]
[White "Schmidt, Frank"]
[Black "Wolf, Isaak"]
[Result "1-0"]
[WhiteElo "1937"]
[BlackElo "1919"]
[PlyCount "81"]
[EventDate "2015.??.??"]
[WhiteTeam "ESV Gera"]
[BlackTeam "SV Jenapharm Jena"]

1. d4 f5 2. Nf3 g6 3. g3 Nf6 4. Bg2 Bg7 5. O-O d6 6. c4 O-O 7. Nc3 Nc6 8. d5
Na5 9. Qd3 e5 10. dxe6 Bxe6 11. b3 Nc6 12. Bb2 Ne4 13. Rac1 Qd7 14. Qc2 Nxc3
15. Bxc3 Qe7 16. Qd2 Rae8 17. e3 Kh8 18. Rfe1 Bg8 19. h4 Bxc3 20. Qxc3+ Qf6 21.
Red1 Qxc3 22. Rxc3 Rd8 23. Ng5 Kg7 24. Nh3 Rd7 25. Nf4 Rfd8 26. Bd5 Re8 27. Kg2
Bxd5+ 28. cxd5 Nd8 29. Rdc1 c6 30. b4 Re5 31. a3 a6 32. Rd1 h6 33. Rcd3 c5 34.
Rc3 cxb4 35. axb4 Re4 36. Rb1 b5 37. Rc8 g5 38. hxg5 hxg5 39. Ne2 Kf6 40. Nd4
Ke5 41. Rxd8 1-0

[Event "Thüringenliga 2014/2015"]
[Site "?"]
[Date "2015.03.01"]
[Round "7"]
[White "Zipfel, Frank"]
[Black "Hilbig, Dieter"]
[Result "1-0"]
[WhiteElo "1978"]
[BlackElo "1936"]
[PlyCount "85"]
[EventDate "2015.??.??"]
[WhiteTeam "SV Jenapharm Jena"]
[BlackTeam "ESV Gera"]

1. Nf3 Nf6 2. g3 b6 3. Bg2 Bb7 4. O-O c5 5. d3 e6 6. e4 d6 7. Nc3 Be7 8. Qe2
O-O 9. Rd1 a6 10. d4 cxd4 11. Nxd4 Qc7 12. f4 Nc6 13. Nb3 Rfe8 14. g4 Nd7 15.
g5 b5 16. a3 Nb6 17. Rd3 f5 18. exf5 exf5 19. Qe6+ Kh8 20. Rh3 Bxg5 21. Qxf5
Bh6 22. Be4 g6 23. Qf6+ Qg7 24. Qh4 d5 25. Bd3 Bc8 26. Qxh6 Bxh3 27. Qxh3 Nc4
28. Qg3 Qa7+ 29. Qf2 Qd7 30. Nd4 Qg4+ 31. Kh1 Ne7 32. b3 Nd6 33. Bb2 Kg8 34.
Rg1 Qd7 35. Qf3 Nf7 36. Ncxb5 axb5 37. Bxb5 Qc7 38. Re1 Nd6 39. Bxe8 Rxe8 40.
f5 Ne4 41. c4 Nd2 42. Qg2 Qf4 43. f6 1-0

[Event "Thüringenliga 2014/2015"]
[Site "?"]
[Date "2015.03.01"]
[Round "7"]
[White "Senf, Paul"]
[Black "Mucha, Annegret"]
[Result "0-1"]
[WhiteElo "1673"]
[BlackElo "1991"]
[PlyCount "102"]
[EventDate "2015.??.??"]
[WhiteTeam "ESV Gera"]
[BlackTeam "SV Jenapharm Jena"]

1. e4 c5 2. Nf3 d6 3. d4 cxd4 4. Nxd4 Nf6 5. Nc3 a6 6. Bg5 Nbd7 7. f4 g6 8. Qd2
Bg7 9. Nb3 b5 10. Bxf6 Bxf6 11. O-O-O Bb7 12. g4 Qc7 13. Nd5 Bxd5 14. exd5 Rc8
15. h4 Nb6 16. Rh2 h6 17. g5 Bg7 18. h5 hxg5 19. hxg6 fxg6 20. Rxh8+ Bxh8 21.
Bd3 Nc4 22. Bxg6+ Kd8 23. Qh2 Bxb2+ 24. Kb1 Bf6 25. Qh7 Na3+ 26. Kc1 Qc3 27.
Bf5 Rb8 28. Qg8+ Kc7 29. Qe6 gxf4 30. Qd7+ Kb6 31. Bd3 f3 32. Rf1 Bg5+ 33. Kd1
Rf8 34. Qg4 Bh6 35. Rxf3 Rxf3 36. Qxf3 Nc4 37. Qe4 Qe5 38. Qd4+ Qxd4 39. Nxd4
Nb2+ 40. Ke2 Nxd3 41. Kxd3 Kc5 42. Ne6+ Kxd5 43. Nc7+ Kc6 44. Nxa6 d5 45. Nb4+
Kd6 46. c3 e5 47. Ke2 e4 48. Nc2 Bg7 49. Kd2 Kc5 50. Na3 Bxc3+ 51. Kxc3 b4+ 0-1

[Event "Thüringenliga 2014/2015"]
[Site "?"]
[Date "2015.03.01"]
[Round "7"]
[White "Krabel, Stefan"]
[Black "Steinmüller, Johannes"]
[Result "1-0"]
[WhiteElo "1937"]
[BlackElo "1715"]
[PlyCount "101"]
[EventDate "2015.??.??"]
[WhiteTeam "SV Jenapharm Jena"]
[BlackTeam "ESV Gera"]

1. c4 Nf6 2. Nc3 d5 3. cxd5 Nxd5 4. e4 Nxc3 5. bxc3 g6 6. d4 Bg7 7. Bc4 c5 8.
Ne2 cxd4 9. cxd4 O-O 10. Be3 Nc6 11. O-O Bg4 12. f3 Na5 13. Bd3 Be6 14. d5 Bxa1
15. Qxa1 f6 16. Bh6 Re8 17. Nd4 Bf7 18. Bb5 Rc8 19. Rd1 Nc4 20. h4 Na3 21. Bxe8
Bxe8 22. Qb2 Nb5 23. Ne6 Qb6+ 24. Kh1 Nc3 25. Rd2 Qxb2 26. Rxb2 b6 27. Rc2 Ba4
28. Rc1 Bd7 29. Nd4 Kf7 30. Bd2 Na4 31. Kg1 Rxc1+ 32. Bxc1 Nc3 33. a3 Nb5 34.
Ne2 e6 35. dxe6+ Kxe6 36. Kf2 Bc6 37. a4 Nd6 38. Nd4+ Kd7 39. Nxc6 Kxc6 40. Ke3
Kd7 41. Kd4 Ke6 42. Ba3 a6 43. Bb4 Nb7 44. f4 Nd6 45. g4 f5 46. exf5+ gxf5 47.
Bxd6 Kxd6 48. g5 Ke6 49. h5 h6 50. g6 Kf6 51. Kd5 1-0

[Event "Thüringenliga 2014/2015"]
[Site "?"]
[Date "2015.03.01"]
[Round "7"]
[White "Kupper, Matthias"]
[Black "Mißbach, Bernd"]
[Result "0-1"]
[WhiteElo "1738"]
[BlackElo "1964"]
[PlyCount "72"]
[EventDate "2015.??.??"]
[WhiteTeam "ESV Gera"]
[BlackTeam "SV Jenapharm Jena"]

1. e4 g6 2. d4 Bg7 3. c3 d6 4. g3 Nd7 5. Bg2 c5 6. d5 b5 7. f4 Bb7 8. Be3 a5 9.
Qc2 Ngf6 10. h3 Qc7 11. Ne2 O-O 12. Nd2 a4 13. Rb1 Rab8 14. O-O Rfc8 15. f5 Ne5
16. fxg6 hxg6 17. g4 Qd7 18. g5 Nh5 19. Nf4 Nxf4 20. Rxf4 Ba6 21. Rh4 b4 22.
Bf1 Bxf1 23. Rxf1 bxc3 24. bxc3 a3 25. Nf3 Rb2 26. Nxe5 Bxe5 27. Qd3 c4 28. Qd1
Kg7 29. Bd4 Rf8 30. Rf5 Qb7 31. Rxe5 dxe5 32. Bxe5+ f6 33. gxf6+ exf6 34. Qd4
fxe5 35. Qxe5+ Rf6 36. Rf4 Qb6+ 0-1

[Event "Thüringenliga 2014/2015"]
[Site "?"]
[Date "2015.03.01"]
[Round "7"]
[White "Wehner, Janis"]
[Black "Krüger, Rainer"]
[Result "1/2-1/2"]
[WhiteElo "2139"]
[BlackElo "2071"]
[PlyCount "30"]
[EventDate "2015.??.??"]
[WhiteTeam "SV Medizin Erfurt"]
[BlackTeam "ESV Lok Sömmerda"]

1. e4 c5 2. Nf3 d6 3. Bb5+ Bd7 4. Bxd7+ Qxd7 5. c4 Nf6 6. Nc3 g6 7. O-O Bg7 8.
d4 cxd4 9. Nxd4 O-O 10. h3 Rc8 11. b3 d5 12. exd5 Nxd5 13. Nxd5 e6 14. Bh6 exd5
15. Bxg7 Kxg7 1/2-1/2

[Event "Thüringenliga 2014/2015"]
[Site "?"]
[Date "2015.03.01"]
[Round "7"]
[White "Kalisch, Michael"]
[Black "Holzschuh, Stephan"]
[Result "1/2-1/2"]
[WhiteElo "1969"]
[BlackElo "2220"]
[PlyCount "22"]
[EventDate "2015.??.??"]
[WhiteTeam "ESV Lok Sömmerda"]
[BlackTeam "SV Medizin Erfurt"]

1. e4 c5 2. Nc3 g6 3. f4 Bg7 4. Nf3 e6 5. e5 d5 6. d4 c4 7. Be3 Ne7 8. Bf2 h5
9. Bh4 Nbc6 10. Qd2 Qb6 11. Bxe7 Nxe7 1/2-1/2

[Event "Thüringenliga 2014/2015"]
[Site "?"]
[Date "2015.03.01"]
[Round "7"]
[White "Nguyen, Huy Dat"]
[Black "Kühn, Martin"]
[Result "1-0"]
[WhiteElo "1963"]
[BlackElo "1912"]
[PlyCount "61"]
[EventDate "2015.??.??"]
[WhiteTeam "SV Medizin Erfurt"]
[BlackTeam "ESV Lok Sömmerda"]

1. d4 d5 2. Nf3 Nc6 3. e3 Bg4 4. Be2 Nf6 5. Nbd2 e6 6. b3 Bb4 7. Bb2 O-O 8. O-O
Ne7 9. a3 Bd6 10. h3 Bh5 11. b4 c6 12. Nb3 Bc7 13. Nc5 Rb8 14. Nd3 Ne4 15. Nde5
f6 16. Nd3 Qd6 17. g4 Ng5 18. Nfe5 fxe5 19. dxe5 Qd8 20. gxh5 Nxh3+ 21. Kh2 Ng5
22. Nf4 Nf5 23. Bg4 Ne4 24. Qf3 Nd2 25. Qh3 Nxf1+ 26. Rxf1 Qe7 27. Rg1 Rbe8 28.
Kh1 Kh8 29. Bxf5 Qf7 30. Bxe6 Rxe6 31. Qxe6 1-0

[Event "Thüringenliga 2014/2015"]
[Site "?"]
[Date "2015.03.01"]
[Round "7"]
[White "Siegemund, Joachim"]
[Black "Kirschbaum, Gunnar"]
[Result "1/2-1/2"]
[WhiteElo "1993"]
[BlackElo "2133"]
[PlyCount "69"]
[EventDate "2015.??.??"]
[WhiteTeam "ESV Lok Sömmerda"]
[BlackTeam "SV Medizin Erfurt"]

1. c4 g6 2. g3 Bg7 3. Bg2 d6 4. d4 Nf6 5. Nc3 O-O 6. Nf3 Nbd7 7. O-O e5 8. dxe5
dxe5 9. e4 c6 10. Qc2 a5 11. b3 Re8 12. Ba3 Bf8 13. Bxf8 Nxf8 14. c5 Qc7 15.
Na4 Bg4 16. Nb6 Rad8 17. a3 Ne6 18. b4 axb4 19. axb4 Bxf3 20. Bxf3 Ng5 21. Bg2
Rd4 22. Rfe1 Red8 23. h4 Rd2 24. Qc1 Ne6 25. Nc4 R2d4 26. Qc2 Kg7 27. Bh3 Qe7
28. Ra5 b6 29. Nxb6 Rxb4 30. Qc3 Rbd4 31. Bg2 Nd7 32. Nxd7 R8xd7 33. Bf1 Qf6
34. Ra2 Qe7 35. Ra5 1/2-1/2

[Event "Thüringenliga 2014/2015"]
[Site "?"]
[Date "2015.03.01"]
[Round "7"]
[White "Hausknecht, Matthias"]
[Black "Koksch, Robert"]
[Result "1-0"]
[WhiteElo "2118"]
[BlackElo "1913"]
[PlyCount "103"]
[EventDate "2015.??.??"]
[WhiteTeam "SV Medizin Erfurt"]
[BlackTeam "ESV Lok Sömmerda"]

1. e4 c6 2. d4 d5 3. exd5 cxd5 4. c4 e6 5. Nc3 Nf6 6. Bg5 Be7 7. Nf3 O-O 8. Bd3
dxc4 9. Bxc4 Nc6 10. O-O a6 11. Rc1 b5 12. Bd3 Bb7 13. Bb1 Rc8 14. Qd3 Nb4 15.
Qe2 Nbd5 16. Ne4 Qb6 17. Rcd1 Nxe4 18. Qxe4 f5 19. Qe5 Bf6 20. Bxf6 Rxf6 21.
Rc1 Rd8 22. Rfd1 Qd6 23. a3 Nf4 24. Kf1 Nxg2 25. Qxd6 Rxd6 26. Ne5 Nf4 27. Rc7
Bd5 28. Rdc1 Bg2+ 29. Ke1 Rf8 30. Ra7 Rxd4 31. Rcc7 Nh5 32. f3 Rfd8 33. Bc2
R4d5 34. Nc6 Bxf3 35. Ne7+ Kf8 36. Nxd5 Bxd5 37. Bd1 Nf4 38. Rxg7 Nd3+ 39. Kf1
e5 40. Rxh7 Kg8 41. Rag7+ Kf8 42. Ra7 Kg8 43. Rag7+ Kf8 44. Rc7 Kg8 45. Bc2
Nxb2 46. Bxf5 Nc4 47. Ke1 Nxa3 48. h4 Nc4 49. h5 Ne3 50. Rcg7+ Kf8 51. h6 Bg8
52. Rh8 1-0

[Event "Thüringenliga 2014/2015"]
[Site "?"]
[Date "2015.03.01"]
[Round "7"]
[White "Kirste, Olaf"]
[Black "Reichel, Norbert"]
[Result "0-1"]
[WhiteElo "1889"]
[BlackElo "2037"]
[PlyCount "110"]
[EventDate "2015.??.??"]
[WhiteTeam "ESV Lok Sömmerda"]
[BlackTeam "SV Medizin Erfurt"]

1. c4 c5 2. Nf3 Nc6 3. d4 cxd4 4. Nxd4 g6 5. Nc3 Nf6 6. e4 d6 7. Be2 Bg7 8. Be3
O-O 9. O-O Bd7 10. Rc1 Nxd4 11. Bxd4 Bc6 12. f3 a5 13. Qd2 Nd7 14. Be3 Nc5 15.
Rfd1 Qb6 16. Nd5 Bxd5 17. cxd5 Qxb2 18. Qxb2 Bxb2 19. Rb1 Ba3 20. Rb5 Rfb8 21.
Kf1 Kf8 22. e5 Na4 23. Rd3 Bc5 24. Bh6+ Ke8 25. e6 Bb4 26. Rd4 Nc3 27. Rf4 f6
28. Rh4 g5 29. Rh5 Nxb5 30. Bxb5+ Kd8 31. Bf8 Kc7 32. Bxe7 Bc3 33. Rxh7 Rh8 34.
Rf7 Kb6 35. a4 Kc5 36. Bxf6 Bxf6 37. Rxf6 Kxd5 38. Bd7 Ke5 39. Rf7 d5 40. e7
Kd6 41. e8=Q Raxe8 42. Bxe8 Rxe8 43. Rxb7 d4 44. Rb5 d3 45. Rb3 Re3 46. Rb2 Kc5
47. Kf2 Kd4 48. Rb8 Re2+ 49. Kf1 Ra2 50. Rd8+ Ke3 51. Re8+ Kd2 52. Rc8 Kd1 53.
Rd8 d2 54. Rc8 Rc2 55. Rd8 Kc1 0-1